01019nam a2200229 i 45000010005000000030009000050050017000140070003000310080041000340800025000750800024001002450189001242600091003133000030004046500049004347000045004837100049005287100053005778520022006309990015006529520122006675751ES-MaACL20230906144700.0t|890518s1989 sp a |||| | spa d a614.4(46)"1720/1988" a061.43(464.1)"1989"03aLa enfermedad infecciosa desde la Ilustración b: [exposición, Madrid, 12 de febrero - 12 de marzo de 1989] / c[proyecto y selección de textos, María Carmen Calleja Folguera]. aMadrid : bMinisterio de Sanidad y Consumo : bInstituto de Salud Carlos III, c[1989] a293 p. : bil. ; c24 cm.14aEnfermedades infecciosas-vHistoria.91676091 aCalleja Folguera, María Carmen.9337252 aInstituto de Salud Carlos III (Madrid)950041 aEspaña. bMinisterio de Salud y Consumo.93922 aES-MaACLjL-12702 c5751d5751 00104070aATENEOMbATENEOMcDEPO2d2008-01-17eSCl0oL-12702p1005838r2023-02-23 00:00:00w2023-02-23yMONOGRAFIA